[Event "World Blitz"]
[Site "Moscow RUS"]
[Date "2007.11.22"]
[Round "20"]
[White "Mamedyarov, S."]
[Black "Kramnik, V."]
[Result "0-1"]
[WhiteElo "2752"]
[BlackElo "2785"]
[PlyCount "66"]
[EventDate "2007.11.21"]
[Source "www.chesslib.no"]
[SourceDate "2004.05.04"]

1. b3 e5 2. Bb2 Nc6 3. e3 d6 4. Nf3 g6 5. d4 Bg7 6. Bb5 Nge7 7. d5 a6 8. Be2 Nb8 9. O-O O-O 10. c4 a5 11. Nc3 Na6 12. a3 Bd7 13. Nd2 f5 14. f4 exf4 15. exf4 c6 16. Kh1 cxd5 17. cxd5 b5 18. Nf3 Qb6 19. Ng5 Nc7 20. Qd2 h6 21. Ne6 Bxe6 22. dxe6 d5 23. a4 b4 24. Nb5 Bxb2 25. Qxb2 Nxe6 26. Rae1 Nc5 27. Qd4 Rab8 28. Bc4 Ne4 29. Bxd5+ Nxd5 30. Qxd5+ Kg7 31. g4 Rbd8 32. Qe5+ Kg8 33. gxf5 Rfe8 0-1

[Event "World Blitz"]
[Site "Moscow RUS"]
[Date "2007.11.21"]
[Round "19"]
[White "Bacrot, E."]
[Black "Adams, Mi"]
[Result "0-1"]
[WhiteElo "2695"]
[BlackElo "2729"]
[PlyCount "128"]
[EventDate "2007.11.21"]
[Source "www.chesslib.no"]
[SourceDate "2004.05.04"]

1. b3 e5 2. Bb2 d6 3. e3 g6 4. f4 Bg7 5. Nf3 Nd7 6. Bc4 Nh6 7. O-O O-O 8. fxe5 Nxe5 9. Nxe5 dxe5 10. Nc3 c6 11. Ba3 Re8 12. Ne4 b5 13. Bd3 Be6 14. Qe1 a5 15. Nc5 Bc8 16. Bb2 f5 17. a3 Ng4 18. h3 Nf6 19. b4 Nd5 20. c4 bxc4 21. Bxc4 Kh8 22. e4 Nf4 23. exf5 Bxf5 24. Qe3 Qg5 25. g4 h5 26. Ne4 Bxe4 27. Qxe4 hxg4 28. h4 Qxh4 29. Rxf4 Qg3+ 30. Kh1 Qxf4 31. Qxg6 Qh6+ 32. Qxh6+ Bxh6 33. bxa5 Rxa5 34. Bc3 Ra4 35. Bb3 Raa8 36. Kg2 Kg7 37. Re1 Bf4 38. a4 Kf6 39. a5 Red8 40. Re2 Rh8 41. Re4 Kf5 42. Bc2 Ke6 43. Bb3+ Kd6 44. d4 Kc7 45. dxe5 Rh2+ 46. Kg1 Rh3 47. Rxf4 Rxc3 48. Rf7+ Kb8 49. Rf8+ Ka7 50. Rxa8+ Kxa8 51. Bf7 Re3 52. e6 g3 53. Kg2 Ka7 54. Bh5 Ka6 55. Bf3 c5 56. Kxg3 Rxe6 57. Kf4 Re7 58. Be4 Kxa5 59. Ke3 Kb4 60. Kd3 c4+ 61. Kd4 Rd7+ 62. Ke3 Kc3 63. Bg6 Kb2 64. Bf5 Rd8 0-1

[Event "18th North Sea Cup"]
[Site "Esbjerg"]
[Date "2003.??.??"]
[Round "7"]
[White "Sasikiran, Krishnan"]
[Black "Nielsen, Peter Heine"]
[Result "1/2-1/2"]
[WhiteElo "2650"]
[BlackElo "2635"]
[PlyCount "78"]
[EventDate "2003.06.04"]
[Source "Roberto Alvarez"]
[SourceDate "2003.07.14"]

1. b3 e5 2. Bb2 Nc6 3. e3 Nf6 4. Bb5 Bd6 5. Ne2 O-O 6. O-O a6 7. Bxc6 dxc6 8. d3 Qe7 9. Nd2 Be6 10. h3 Rad8 11. Kh1 Nh5 12. Qe1 Rfe8 13. f4 exf4 14. Nxf4 Nxf4 15. exf4 Ba3 16. Bc3 Bb4 17. Bxb4 Qxb4 18. Ne4 Qxe1 19. Raxe1 b6 20. Kg1 f6 21. Kf2 Kf7 22. Re3 Bd5 23. Rfe1 c5 24. Ng3 Rxe3 25. Rxe3 Bc6 26. Nf5 Bd7 27. Ng3 Bc6 28. Ne2 a5 29. a4 h5 30. f5 h4 31. Nf4 Bd7 32. Ne6 Bxe6 33. Rxe6 Rd5 34. Rc6 Rxf5+ 35. Kg1 Re5 36. Rxc7+ Kg6 37. Kf2 Rf5+ 38. Kg1 Re5 39. Kf2 Rf5+ 1/2-1/2

[Event "54th ch-RUS, Elista RUS"]
[Site "?"]
[Date "2001.??.??"]
[Round "5"]
[White "Kharlov, A."]
[Black "Epishin, V."]
[Result "1/2-1/2"]
[WhiteElo "2635"]
[BlackElo "2575"]
[PlyCount "48"]
[EventDate "2001.??.??"]
[Source "www.chesslib.no"]
[SourceDate "2004.05.04"]

1. b3 e5 2. Bb2 Nc6 3. e3 Nf6 4. Bb5 Bd6 5. Ne2 O-O 6. O-O Re8 7. Bxc6 bxc6 8. d3 Bf8 9. Ng3 d5 10. Nd2 a5 11. a4 Bd6 12. e4 g6 13. Nf3 Nd7 14. Re1 d4 15. Bc1 Nf8 16. Nd2 Be6 17. Rf1 f6 18. Nb1 h5 19. h4 Re7 20. Bd2 Rh7 21. Na3 Qe7 22. Qc1 Nd7 23. Ne2 Rf7 24. f3 Kh7 1/2-1/2

[Event "Bundesliga 0001"]
[Site "Germany"]
[Date "2001.01.07"]
[Round "5.1"]
[White "Bischoff, Klaus"]
[Black "Khenkin, Igor"]
[Result "1-0"]
[WhiteElo "2556"]
[BlackElo "2633"]
[PlyCount "59"]
[EventDate "2000.10.14"]
[Source "ChessBase"]
[SourceDate "2001.07.03"]

1. b3 e5 2. Bb2 Nc6 3. e3 Nf6 4. Nf3 Bd6 5. d3 O-O 6. Nbd2 Re8 7. a3 b5 8. c4 b4 9. a4 Bb7 10. Qc2 Bc5 11. Be2 Ng4 12. Nf1 Qf6 13. h3 Qh6 14. Rg1 Nxf2 15. Kxf2 f5 16. Ke1 Bxe3 17. Nxe3 Qxe3 18. Qd2 Qc5 19. Rf1 Na5 20. Qg5 Nxb3 21. Rd1 Bxf3 22. Bxf3 c6 23. Qxf5 Rf8 24. Qe4 Rae8 25. Bh5 Rxf1+ 26. Kxf1 d5 27. cxd5 cxd5 28. Qe2 Re6 29. Bf3 a5 30. d4 1-0

[Event "Hastings 9394"]
[Site "Hastings"]
[Date "1993.??.??"]
[Round "8"]
[White "Rogers, Ian"]
[Black "Sherbakov, Ruslan"]
[Result "1-0"]
[WhiteElo "2595"]
[BlackElo "2580"]
[PlyCount "65"]
[EventDate "1993.12.??"]
[Source "ChessBase"]

1. b3 e5 2. Bb2 Nc6 3. e3 Nf6 4. Bb5 Bd6 5. a3 O-O 6. Be2 Be7 7. c4 e4 8. Nc3 d5 9. cxd5 Ne5 10. Nxe4 Nxe4 11. Bxe5 Qxd5 12. Nf3 Bg4 13. Bxc7 Rac8 14. Bf4 Bf6 15. Ra2 Be6 16. Bc4 Rxc4 17. bxc4 Qxc4 18. Rc2 Qb5 19. Qc1 g5 20. a4 Qd3 21. Be5 Bb3 22. Rc8 Rxc8 23. Qxc8+ Kg7 24. Bxf6+ Nxf6 25. Qc1 Nd5 26. Nd4 Bxa4 27. f3 Nf4 28. Kf2 Qxd4 29. exd4 Nd3+ 30. Ke3 Nxc1 31. Rxc1 Bc6 32. Rc5 Kf6 33. d5 1-0

[Event "Mind Sports Games - Blitz Ind"]
[Site "Pechino CINA"]
[Date "2008.10.04"]
[Round "4"]
[White "Reinderman, D."]
[Black "Kryvoruchko, Y."]
[Result "1-0"]
[WhiteElo "2543"]
[BlackElo "2627"]
[PlyCount "123"]
[EventDate "2008.10.04"]
[Source "www.chesslib.no"]
[SourceDate "2004.05.04"]

1. b3 e5 2. Bb2 Nc6 3. e3 d6 4. c4 Nf6 5. Nf3 g6 6. d4 e4 7. d5 Nb4 8. Nfd2 Nd3+ 9. Bxd3 exd3 10. Ne4 Bg7 11. Qxd3 O-O 12. Qd4 Nh5 13. Qd2 Bf5 14. Bxg7 Nxg7 15. Nbc3 Re8 16. Ng3 Bd7 17. O-O h5 18. h3 h4 19. Nge2 g5 20. e4 f5 21. exf5 Nxf5 22. Nd4 Qf6 23. Rad1 Re7 24. f3 Ne3 25. Ne4 Qf4 26. Ne2 Nxf1 27. Qxf4 gxf4 28. Kxf1 Rf8 29. Rd4 Bf5 30. N2c3 Kg7 31. b4 Rfe8 32. c5 Re5 33. a4 Kg6 34. Kf2 Rd8 35. Nd2 Kg5 36. Nde4+ Bxe4 37. Nxe4+ Kf5 38. Nc3 Re3 39. Rc4 Rd3 40. cxd6 cxd6 41. Ne2 Rxd5 42. Rxf4+ Kg5 43. Rg4+ Kf6 44. Rxh4 Re8 45. Rf4+ Kg6 46. Ng3 Rd2+ 47. Kg1 Re1+ 48. Kh2 d5 49. h4 d4 50. h5+ Kh6 51. Rf6+ Kg7 52. Rg6+ Kh7 53. Nf5 d3 54. Rg7+ Kh8 55. Rd7 Ree2 56. Nh4 Re6 57. Kh3 Rd1 58. Ng6+ Kg8 59. Kg4 Rg1 60. Kf5 Re8 61. h6 Rh1 62. Rg7# 1-0

[Event "Milan"]
[Site "Milan"]
[Date "1975.08.28"]
[Round "8"]
[White "Ljubojevic, Ljubomir"]
[Black "Unzicker, Wolfgang"]
[Result "0-1"]
[WhiteElo "2615"]
[BlackElo "2535"]
[PlyCount "254"]
[EventDate "1975.08.20"]
[Source "ChessBase"]

1. b3 e5 2. Bb2 Nc6 3. e3 Nf6 4. Bb5 d6 5. Ne2 Bd7 6. d4 exd4 7. Nxd4 Nxd4 8. Bxd7+ Qxd7 9. Qxd4 Be7 10. O-O O-O 11. c4 d5 12. Rd1 Rfd8 13. Nc3 c5 14. Qf4 Qe6 15. Nb5 Ne8 16. Qg3 g6 17. Nc7 Nxc7 18. Qxc7 dxc4 19. bxc4 Bd6 20. Qa5 Qxc4 21. g3 b6 22. Qa3 Bf8 23. Rxd8 Rxd8 24. Qxa7 Qc2 25. Bf6 Rd6 26. Be7 Bxe7 27. Qxe7 Rd1+ 28. Rxd1 Qxd1+ 29. Kg2 Qd5+ 30. e4 Qc6 31. f3 h5 32. a3 c4 33. Qd8+ Kg7 34. Qd4+ Kh7 35. Qc3 b5 36. h4 Kg8 37. Kf2 Qc5+ 38. Kg2 Qd6 39. Kf2 Qd1 40. Ke3 Qg1+ 41. Kf4 Qc5 42. g4 hxg4 43. Kxg4 Qh5+ 44. Kg3 Qh8 45. e5 Kh7 46. Qd4 Qc8 47. Qf4 Qf5 48. Qd4 Qc8 49. Qf4 Qe6 50. Qd4 Kg8 51. Qd8+ Kg7 52. Qd4 Kh7 53. Qc5 Qd7 54. Qd6 Qc8 55. Qe7 Qe6 56. Qc7 Kg7 57. Qc5 Qd7 58. Qb6 Qd5 59. Qf6+ Kf8 60. Kf4 Ke8 61. Kg3 Kd7 62. Kf2 Qe6 63. Qf4 Kc6 64. Ke2 Qd5 65. Qf6+ Kb7 66. Ke3 Qd3+ 67. Kf2 Qd2+ 68. Kf1 Qd5 69. Ke2 Qd3+ 70. Kf2 Qd2+ 71. Kf1 Qd7 72. Ke2 Ka7 73. Ke1 Qd5 74. Ke2 Kb8 75. Qe7 Kc8 76. Ke1 c3 77. Qd6 Qxd6 78. exd6 Kd7 79. Kd1 Kxd6 80. Kc2 Ke5 81. Kxc3 Kf4 82. Kb4 Kxf3 83. Kxb5 Kg3 84. a4 f5 85. a5 f4 86. a6 f3 87. a7 f2 88. a8=Q f1=Q+ 89. Kc5 Kxh4 90. Qh8+ Kg3 91. Kb4 g5 92. Qc3+ Qf3 93. Qe1+ Kh3 94. Ka5 g4 95. Qe6 Qc3+ 96. Ka4 Qd4+ 97. Ka5 Qf4 98. Qd7 Qe4 99. Qc8 Kg2 100. Qc3 g3 101. Qb2+ Kf3 102. Qc3+ Kg4 103. Qg7+ Kh3 104. Qh8+ Qh4 105. Qc8+ Kh2 106. Qc7 Qg5+ 107. Ka4 Kh3 108. Qc3 Qf4+ 109. Ka5 Kg4 110. Qe1 g2 111. Qe2+ Kh3 112. Qh5+ Qh4 113. Qf5+ Qg4 114. Qh7+ Kg3 115. Qc7+ Kh4 116. Qh2+ Kg5 117. Qg1 Qf5+ 118. Ka4 Qf1 119. Qc5+ Kg4 120. Qc8+ Qf5 121. Qg8+ K 3 122. Qb3+ Kf4 123. Qb8+ Qe5 124. Qf8+ Ke4 125. Qa8+ Qd5 126. Qe8+ Kd3 127. Qe1 Qe4+ 0-1

[Event "Bundesliga 9798"]
[Site "Germany"]
[Date "1998.??.??"]
[Round "?.1"]
[White "Hodgson, Julian M"]
[Black "Van der Sterren, Paul"]
[Result "1-0"]
[WhiteElo "2590"]
[BlackElo "2555"]
[PlyCount "143"]
[EventDate "1997.10.??"]
[Source "ChessBase"]
[SourceDate "1999.07.01"]

1. b3 e5 2. Bb2 Nc6 3. e3 Nf6 4. Bb5 d6 5. Ne2 g6 6. d4 Bg7 7. dxe5 Nd7 8. Bxc6 bxc6 9. f4 dxe5 10. O-O O-O 11. Ng3 f5 12. Nd2 Qe7 13. Qe2 Nb6 14. Nf3 exf4 15. Bxg7 Kxg7 16. exf4 Qxe2 17. Nxe2 c5 18. c4 Bb7 19. Ne5 Rfd8 20. Rad1 Rd6 21. Nc3 Rad8 22. Rfe1 Kf6 23. Kf2 a6 24. g3 Rxd1 25. Rxd1 Rxd1 26. Nxd1 Ke6 27. Ke3 Nd7 28. Nxd7 Kxd7 29. Nf2 Bg2 30. Nd3 Kd6 31. Ne5 Be4 32. Kd2 Ke6 33. h4 Ke7 34. Kc3 a5 35. Kb2 Kd6 36. Nf7+ Ke7 37. Ng5 h6 38. Nh3 Bc6 39. Nf2 Kd6 40. Nd3 Be8 41. Ka3 Bd7 42. Kb2 Be8 43. Kc3 Bd7 44. Kd2 Be8 45. Ke3 Bc6 46. Ne5 Be8 47. g4 fxg4 48. Nxg4 h5 49. Ne5 Ke6 50. Ke4 a4 51. bxa4 Bxa4 52. f5+ gxf5+ 53. Kf4 Bc2 54. Nf3 Kd6 55. Nd2 Ke6 56. Nf1 Kd6 57. Ne3 Bb1 58. a3 Kc6 59. Nxf5 Kb6 60. Ne3 Ka5 61. Kg5 Ka4 62. Kxh5 Kxa3 63. Kg5 Bh7 64. h5 Kb3 65. Kh6 Be4 66. Kg7 Kc3 67. h6 Kd4 68. Nf1 Bc2 69. Nd2 Ke5 70. Nb3 Kd6 71. Kf6 Bh7 72. Nd2 1-0

[Event "Mind Sports Games - Blitz Ind"]
[Site "Pechino CINA"]
[Date "2008.10.04"]
[Round "8"]
[White "Reinderman, D."]
[Black "Bartel, Mat"]
[Result "0-1"]
[WhiteElo "2543"]
[BlackElo "2602"]
[PlyCount "67"]
[EventDate "2008.10.04"]
[Source "www.chesslib.no"]
[SourceDate "2004.05.04"]

1. b3 e5 2. Bb2 Nc6 3. e3 g6 4. c4 Bg7 5. Nc3 f5 6. g3 Nf6 7. Bg2 e4 8. d3 Nb4 9. dxe4 fxe4 10. Nxe4 d5 11. Ng5 Bf5 12. Bc3 Nc2+ 13. Kf1 Nxa1 14. Qxa1 c6 15. cxd5 cxd5 16. Ne2 O-O 17. Nd4 Qd7 18. h3 Rae8 19. Kg1 h6 20. Ngf3 Ne4 21. Bb2 g5 22. Qe1 g4 23. hxg4 Bxg4 24. Rh4 Bxf3 25. Bxf3 Rxf3 26. Nxf3 Bxb2 27. Rxh6 Bg7 28. Rh4 Rc8 29. Qd1 Qe6 30. Kg2 Rf8 31. Rf4 Rxf4 32. exf4 d4 33. Kg1 Qd5 34. Ne1 0-1

[Event "Teeside"]
[Site "Teeside"]
[Date "1972.??.??"]
[Round "13"]
[White "Ljubojevic, Ljubomir"]
[Black "Portisch, Lajos"]
[Result "0-1"]
[WhiteElo "2510"]
[BlackElo "2630"]
[PlyCount "118"]
[EventDate "1972.??.??"]
[Source "ChessBase"]

1. b3 e5 2. Bb2 Nc6 3. e3 d5 4. Bb5 Bd6 5. f4 Qh4+ 6. g3 Qe7 7. Nf3 Bg4 8. fxe5 Bxe5 9. Bxe5 Bxf3 10. Qxf3 Qxe5 11. Nc3 Nf6 12. Bxc6+ bxc6 13. O-O O-O 14. Qf5 Qd6 15. Rf4 Rae8 16. Ra4 c5 17. Rf1 d4 18. exd4 cxd4 19. Nb5 Qb6 20. Nxd4 c5 21. Nf3 c4+ 22. Kh1 cxb3 23. axb3 Re2 24. Qd3 Rfe8 25. Rd4 h5 26. Kg1 a5 27. Rf2 R2e7 28. Ng5 Re1+ 29. Kg2 Qc6+ 30. Kh3 R1e5 31. Rc4 Qb7 32. Kh4 Qe7 33. Rf5 Re2 34. h3 g6 35. Rxf6 Qxf6 36. Rf4 Qd8 37. Qxd8 Rxd8 38. Nxf7 Rdxd2 39. Kg5 Kg7 40. Kh4 Rd5 41. c4 Rc5 42. Rf1 a4 43. bxa4 Rxc4+ 44. g4 hxg4 45. Nd6 Rd4 46. Nb5 Rb4 47. hxg4 Rg2 48. Kh3 Rgxg4 49. a5 Rh4+ 50. Kg3 Rbg4+ 51. Kf3 Rf4+ 52. Kg3 Rxf1 53. Kxh4 Rf4+ 54. Kg3 Ra4 55. Nd6 Rxa5 56. Ne4 Ra3+ 57. Kg4 Ra4 58. Kg5 Ra5+ 59. Kg4 Kh6 0-1

[Event "USA-ARM"]
[Site "Glendale"]
[Date "1994.??.??"]
[Round "3"]
[White "Minasian, Artashes"]
[Black "Wolff, Patrick G"]
[Result "0-1"]
[WhiteElo "2545"]
[BlackElo "2590"]
[PlyCount "91"]
[EventDate "1994.05.??"]
[Source "ChessBase"]

1. b3 e5 2. Bb2 Nc6 3. e3 d6 4. Ne2 g6 5. d4 Bg7 6. d5 Nce7 7. Qd2 Nf6 8. c4 O-O 9. Nbc3 c6 10. g3 cxd5 11. cxd5 Bd7 12. Bg2 b5 13. a3 a5 14. O-O Qb6 15. b4 axb4 16. axb4 Bh6 17. h3 Rfc8 18. Kh2 Nf5 19. Rxa8 Rxa8 20. Qd3 Bg7 21. Ra1 Rxa1 22. Bxa1 Ne8 23. Bb2 Ne7 24. f4 f5 25. fxe5 dxe5 26. e4 Nd6 27. Bc1 Nc4 28. Na4 bxa4 29. Qxc4 Nc8 30. Nc3 Bf8 31. d6+ Kg7 32. exf5 gxf5 33. Nd5 Qxd6 34. Bb2 Ne7 35. Qe2 Nc6 36. b5 Nd4 37. Bxd4 exd4 38. b6 Bc6 39. Qb2 Qe5 40. b7 Bd6 41. Nf4 Bxg2 42. Qxg2 a3 43. Qc6 d3 44. Qd7+ Kh6 45. Qf7 d2 46. b8=Q 0-1

[Event "Philadelphia"]
[Site "?"]
[Date "1992.??.??"]
[Round "?"]
[White "Ibragimov, I."]
[Black "Yermolinsky, A."]
[Result "0-1"]
[WhiteElo "2540"]
[BlackElo "2595"]
[PlyCount "116"]
[EventDate "1992.??.??"]
[Source "ChessBase"]
[SourceDate "1992.06.01"]

1. b3 e5 2. Bb2 d6 3. g3 Nc6 4. Bg2 g6 5. Nf3 Bg7 6. O-O f5 7. c4 Nf6 8. Ne1 f4 9. Nc3 O-O 10. Nd5 g5 11. Nc2 Bf5 12. b4 Qd7 13. d4 e4 14. gxf4 Nxd5 15. cxd5 Ne7 16. fxg5 Nxd5 17. f4 exf3 18. Bxf3 Qe6 19. Qd2 Be4 20. Ne1 Rae8 21. Ng2 c6 22. Rf2 Nb6 23. d5 Qxd5 24. Qxd5+ Nxd5 25. Bxg7 Kxg7 26. a3 Nc3 27. h4 d5 28. Raf1 d4 29. Bh5 Rxf2 30. Rxf2 Re7 31. Nf4 Nd1 32. Rf1 Ne3 33. Rf2 h6 34. Bf3 hxg5 35. hxg5 Re5 36. Bxe4 Rxe4 37. Rf3 b6 38. Nh3 Nd5 39. Kf2 a5 40. bxa5 bxa5 41. a4 Nc3 42. Ng1 Re5 43. Rd3 c5 44. e3 dxe3+ 45. Ke1 Nd5 46. Rb3 Rxg5 47. Nf3 Rg4 48. Rd3 Nf4 49. Rc3 Kf6 50. Kf1 e2+ 51. Kf2 Rg2+ 52. Ke1 Rg3 53. Kd2 Ke7 54. Rb3 c4 55. Rb7+ Kd6 56. Ne1 c3+ 57. Kc2 Ng2 58. Rb1 Nxe1+ 0-1

[Event "Open"]
[Site "?"]
[Date "1999.02.13"]
[Round "1"]
[White "Bagirov Vladimir K"]
[Black "Akopian Vladimir E"]
[Result "1/2-1/2"]
[WhiteElo "2493"]
[BlackElo "2640"]
[PlyCount "96"]
[EventDate "1999.??.??"]
[Source "www.chesslib.no"]
[SourceDate "2004.05.04"]

1. b3 e5 2. Bb2 Nc6 3. c4 g6 4. g3 Bg7 5. Bg2 d6 6. Nc3 Nf6 7. Nf3 O-O 8. O-O h6 9. d4 e4 10. Ne1 Bf5 11. Nc2 Qd7 12. Ne3 Bh3 13. Qd2 Rae8 14. d5 Ne5 15. f4 exf3 16. exf3 h5 17. Rae1 h4 18. f4 Bxg2 19. Nxg2 Neg4 20. Nxh4 c6 21. Nf3 b5 22. h3 b4 23. Nd1 Nh6 24. Bxf6 Bxf6 25. g4 cxd5 26. Qxd5 Nxg4 27. hxg4 Qxg4+ 28. Kh1 Rxe1 29. Rxe1 Kg7 30. Nh2 Qxf4 31. Rf1 Qh4 32. Ne3 Rh8 33. Qg2 Bg5 34. Rf3 Qe1+ 35. Qf1 Qxf1+ 36. Nexf1 Re8 37. Rf2 f5 38. Nf3 Bc1 39. Kg2 Kf6 40. Rc2 Bf4 41. Ng3 a5 42. c5 dxc5 43. Rxc5 a4 44. Rc6+ Kf7 45. bxa4 Re3 46. Rb6 Ra3 47. Rxb4 Rxa2+ 48. Kh3 Bd6 1/2-1/2

[Event "54th ch-HUN"]
[Site "Budapest"]
[Date "2004.08.24"]
[Round "6.3"]
[White "Berkes, Ferenc"]
[Black "Balogh, Csaba"]
[Result "1-0"]
[WhiteElo "2614"]
[BlackElo "2513"]
[PlyCount "71"]
[EventDate "2004.08.19"]
[Source "Roberto Alvarez"]
[SourceDate "2004.09.06"]

1. b3 e5 2. Bb2 Nc6 3. e3 Nf6 4. Bb5 Bd6 5. Na3 Na5 6. Be2 a6 7. c4 c5 8. Nf3 Nc6 9. d3 Bc7 10. O-O O-O 11. Rc1 Qe7 12. Nb1 d5 13. cxd5 Nxd5 14. Nbd2 Bd7 15. Qc2 b6 16. Rfe1 Rfe8 17. Bf1 a5 18. a3 Rad8 19. g3 Rc8 20. Qb1 Qd8 21. d4 exd4 22. exd4 cxd4 23. Nxd4 Nxd4 24. Bxd4 Ne7 25. Ba6 Rb8 26. Bd3 Ng6 27. Qb2 f6 28. Qc2 Bd6 29. Nc4 Bf8 30. Bxb6 Rxb6 31. Nxb6 Rxe1+ 32. Rxe1 Qxb6 33. Qc4+ Kh8 34. Qf7 Qd8 35. Bxg6 hxg6 36. Rd1 1-0

[Event "Ischia"]
[Site "Ischia"]
[Date "1996.??.??"]
[Round "3"]
[White "Khenkin, Igor"]
[Black "Tseitlin, Mark D"]
[Result "0-1"]
[WhiteElo "2575"]
[BlackElo "2545"]
[PlyCount "84"]
[EventDate "1996.06.??"]
[Source "ChessBase"]

1. b3 e5 2. Bb2 Nc6 3. e3 Nf6 4. Bb5 d6 5. Bxc6+ bxc6 6. Ne2 Be7 7. O-O O-O 8. d3 Ng4 9. h3 Nh6 10. d4 f6 11. Nd2 Bd7 12. e4 Qe8 13. f4 Qh5 14. Nf3 f5 15. dxe5 fxe4 16. Nh2 d5 17. Kh1 Rad8 18. c4 Bc8 19. Qe1 Bh4 20. Qd1 Qe8 21. Qd4 a6 22. g4 dxc4 23. Qxe4 cxb3 24. f5 c5 25. Nf3 Qb5 26. Nc3 Qb4 27. Kg1 Bb7 28. Qxb4 cxb4 29. Na4 Be7 30. Nd4 Bg5 31. Rad1 bxa2 32. Nc5 Ba8 33. Nce6 Be7 34. f6 gxf6 35. exf6 Bd6 36. Nxd8 Rxd8 37. Ne6 Rb8 38. Rc1 a5 39. Nd4 a4 40. g5 Nf7 41. Rfe1 b3 42. Bc3 Nxg5 0-1

[Event "Harplinge"]
[Site "Harplinge"]
[Date "1998.08.18"]
[Round "4"]
[White "Hodgson, Julian M"]
[Black "Agrest, Evgenij"]
[Result "1/2-1/2"]
[WhiteElo "2575"]
[BlackElo "2545"]
[PlyCount "52"]
[EventDate "1998.08.15"]
[Source "ChessBase"]
[SourceDate "1998.11.30"]

1. b3 e5 2. Bb2 d6 3. e3 f5 4. d4 e4 5. c4 Nf6 6. Nc3 Be7 7. Nge2 c6 8. Nf4 Na6 9. d5 O-O 10. Be2 Nc7 11. h4 c5 12. Qc2 Rb8 13. h5 a6 14. a4 Qe8 15. a5 Bd8 16. Na4 Na8 17. Bc3 b5 18. axb6 Nxb6 19. Nb2 Rf7 20. Nd1 h6 21. Bb2 Nh7 22. Nc3 Bf6 23. O-O Nf8 24. Ra2 Nbd7 25. Rfa1 Ne5 26. Nb1 Rfb7 1/2-1/2

[Event "It (open)"]
[Site "Taby (Sweden)"]
[Date "2007.08.07"]
[Round "5"]
[White "Karlsson Lars (SWE)"]
[Black "Wang Hao (CHN)"]
[Result "0-1"]
[WhiteElo "2493"]
[BlackElo "2624"]
[PlyCount "68"]
[EventDate "2007.??.??"]
[Source "www.chesslib.no"]
[SourceDate "2004.05.04"]

1. b3 e5 2. Bb2 Nc6 3. e3 Nf6 4. Bb5 Bd6 5. Na3 a6 6. Be2 Bb4 7. Nc4 e4 8. a3 Be7 9. d4 d5 10. Ne5 Nb8 11. f4 O-O 12. Nh3 c5 13. Ng5 Nc6 14. h4 cxd4 15. exd4 h6 16. c4 Bd6 17. g4 Ne7 18. Nh3 e3 19. Bf3 Ne4 20. Bxe4 dxe4 21. Qe2 f6 22. O-O-O Bc7 23. f5 Qe8 24. Qxe3 fxe5 25. d5 Bxf5 26. gxf5 Nxf5 27. Qxe4 Ng3 28. Qg2 Nxh1 29. d6 Bb6 30. Qxh1 Qe6 31. Qg2 Rad8 32. Re1 Qxd6 33. Bxe5 Be3+ 34. Kb1 Qxe5 0-1

[Event "Kusadasi TUR"]
[Site "?"]
[Date "2006.04.05"]
[Round "2"]
[White "Blatny Pavel"]
[Black "Gurevich Mikhail"]
[Result "0-1"]
[WhiteElo "2483"]
[BlackElo "2633"]
[PlyCount "82"]
[EventDate "2006.??.??"]
[Source "www.chesslib.no"]
[SourceDate "2004.05.04"]

1. b3 e5 2. Bb2 Nc6 3. e3 Nf6 4. Bb5 Bd6 5. Be2 O-O 6. d3 Bb4+ 7. Nd2 d5 8. a3 Bd6 9. h4 Be6 10. g4 Qd7 11. g5 Ng4 12. e4 Bc5 13. Bxg4 Bxg4 14. f3 Be6 15. b4 Be7 16. b5 Nd4 17. a4 dxe4 18. fxe4 Bg4 19. Ngf3 Nxf3+ 20. Nxf3 Bd6 21. O-O f6 22. Qd2 Bxf3 23. Rxf3 fxg5 24. Raf1 Qg4+ 25. Qg2 Qxg2+ 26. Kxg2 gxh4 27. Kh3 Rxf3+ 28. Rxf3 a6 29. d4 exd4 30. Bxd4 axb5 31. axb5 Bg3 32. e5 Re8 33. c4 h6 34. c5 Re7 35. Rf5 Rf7 36. Rxf7 Kxf7 37. e6+ Kxe6 38. Bxg7 Kd5 39. Bf8 Kc4 40. b6 c6 41. Kg2 Bf4 0-1

[Event "Balkaniad tt"]
[Site "Poiana Brasov"]
[Date "1973.??.??"]
[Round "?"]
[White "Ljubojevic, Ljubomir"]
[Black "Gheorghiu, Florin"]
[Result "1/2-1/2"]
[WhiteElo "2565"]
[BlackElo "2550"]
[PlyCount "46"]
[EventDate "1973.??.??"]
[Source "www.chesslib.no"]
[SourceDate "2004.05.04"]

1. b3 e5 2. Bb2 Nc6 3. e3 d6 4. Nf3 e4 5. Nd4 Nxd4 6. Bxd4 Nf6 7. c4 Be7 8. Nc3 O-O 9. Qc2 Bf5 10. Rd1 Re8 11. d3 Bf8 12. dxe4 Nxe4 13. Bd3 Nxc3 14. Bxc3 Bxd3 15. Rxd3 Re6 16. O-O Qh4 17. Qe2 Rae8 18. Rfd1 f5 19. Rd4 Re4 20. g3 Qe7 21. Qd3 b6 22. b4 Qf7 23. Ba1 h5 1/2-1/2

[Event "DSV-Turnier+"]
[Site "Berlin East"]
[Date "1979.09.15"]
[Round "5"]
[White "Bagirov, Vladimir K"]
[Black "Knaak, Rainer F A"]
[Result "1/2-1/2"]
[WhiteElo "2545"]
[BlackElo "2565"]
[PlyCount "34"]
[EventDate "1979.09.11"]
[Source "www.chesslib.no"]
[SourceDate "2004.05.04"]

1. b3 e5 2. Bb2 Nc6 3. e3 Nf6 4. Bb5 Bd6 5. Na3 a6 6. Bxc6 dxc6 7. Nc4 Qe7 8. Ne2 O-O 9. O-O b5 10. Nxd6 cxd6 11. f4 Bg4 12. h3 Bxe2 13. Qxe2 Nd7 14. Qf3 Rac8 15. d3 f6 16. e4 Nb6 17. Qe3 c5 1/2-1/2

[Event "Bundesliga 9900"]
[Site "Germany"]
[Date "2000.04.09"]
[Round "15.4"]
[White "Bischoff, Klaus"]
[Black "Huebner, Robert"]
[Result "1/2-1/2"]
[WhiteElo "2509"]
[BlackElo "2599"]
[PlyCount "60"]
[EventDate "1999.10.??"]
[Source "ChessBase"]
[SourceDate "2000.05.31"]

1. b3 e5 2. Bb2 Nc6 3. e3 d6 4. Nf3 Nf6 5. Be2 g6 6. d4 exd4 7. Nxd4 Nxd4 8. Qxd4 Bg7 9. c4 O-O 10. Nc3 c6 11. Qd2 d5 12. cxd5 Nxd5 13. Nxd5 Bxb2 14. Qxb2 Qxd5 15. O-O Be6 16. Bc4 Qf5 17. Bxe6 Qxe6 18. Rad1 Rfd8 19. Rd2 Rd5 20. Rfd1 Rad8 21. Rxd5 Rxd5 22. Rxd5 Qxd5 23. f3 c5 24. Kf2 Qd6 25. Qc3 h5 26. a4 b6 27. f4 Qd5 28. Qc4 Qd2+ 29. Qe2 Qd5 30. Qc4 Qd2+ 1/2-1/2

[Event "Ch team"]
[Site "Ch Hungary team"]
[Date "1985.??.??"]
[Round "?"]
[White "Groszpeter, Attila"]
[Black "Portisch, Lajos"]
[Result "0-1"]
[WhiteElo "2470"]
[BlackElo "2635"]
[PlyCount "70"]
[EventDate "1985.??.??"]
[Source "www.chesslib.no"]
[SourceDate "2004.05.04"]

1. b3 e5 2. Bb2 Nc6 3. e3 d6 4. Bb5 Bd7 5. Nc3 a6 6. Bxc6 Bxc6 7. Nf3 Ne7 8. Qe2 Ng6 9. h4 h5 10. O-O-O Be7 11. d4 e4 12. Ng5 d5 13. g4 Bxg5 14. hxg5 h4 15. f4 exf3 16. Qxf3 Qxg5 17. Ba3 f6 18. Rdf1 Nf8 19. Kd2 Ne6 20. Ne2 O-O-O 21. Nf4 Rde8 22. Kd1 Qh6 23. Nxe6 Rxe6 24. Qf5 Bd7 25. Bc1 Re4 26. Qf2 Bxg4+ 27. Kd2 Rxd4+ 28. Kc3 Re4 29. Rhg1 f5 30. Kb2 Qe6 31. Kb1 g5 32. Bb2 Re8 33. Bd4 b6 34. Qd2 c5 35. Qc3 Kb7 0-1

[Event "Teeside"]
[Site "Teeside"]
[Date "1972.??.??"]
[Round "14"]
[White "Larsen, Bent"]
[Black "Cafferty, Bernard"]
[Result "1-0"]
[WhiteElo "2660"]
[BlackElo "2440"]
[PlyCount "73"]
[EventDate "1972.??.??"]
[Source "ChessBase"]

1. b3 e5 2. Bb2 Nc6 3. e3 d5 4. Bb5 Bd6 5. c4 dxc4 6. Nf3 Nge7 7. Bxc4 Nf5 8. Nc3 Nh4 9. g3 Nxf3+ 10. Qxf3 O-O 11. h4 Be6 12. Bxe6 fxe6 13. Qe2 Qf6 14. Ne4 Qf5 15. d3 Rad8 16. g4 Qf7 17. a3 Be7 18. O-O-O Bd6 19. Kb1 Qe7 20. Ka2 a5 21. h5 Qd7 22. h6 g6 23. d4 exd4 24. Bxd4 e5 25. Bb2 b5 26. Ka1 Rb8 27. Rd5 Ne7 28. Rd3 Qe6 29. Rhd1 Rb6 30. Ng5 Qc8 31. f4 Nc6 32. Qg2 Ne7 33. fxe5 Bc5 34. Rd7 Bxe3 35. Rxe7 Bxg5 36. Rg7+ Kh8 37. e6 1-0